Cessioni più costose - Bundesliga - Statistics

Statistiche generali
  • Questo quiz è stato fatto 21 volte
  • Il punteggio medio è 16 su 21
Statistiche sulle risposte
Costo (M €) Da A Nazione Anno Calciatore % Corretto
64 Borussia Dortmund Chelsea Stati Uniti 2019 Christian Pulisic
100%
60 Borussia Dortmund Manchester City Norvegia 2022 Erling Haaland
100%
76 Wolfsburg Manchester City Belgio 2015 Kevin de Bruyne
100%
140 Borussia Dortmund Barcellona Francia 2017 Ousmane Dembelé
100%
63,75 Borussia Dortmund Arsenal Francia/Gabon 2018 Pierre-Emerick Aubameyang
95%
85 Borussia Dortmund Manchester United Inghilterra 2021 Jadon Sancho
89%
80 Bayer Leverkusen Chelsea Germania 2020 Kai Havertz
89%
45 Bayern Monaco Barcellona Polonia 2022 Robert Lewandowski
89%
52 Schalke 04 Manchester City Germania 2016 Leroy Sané
84%
53 Red Bull Lipsia Chelsea Germania 2020 Timo Werner
84%
42,50 Red Bull Lispia Bayern Monaco Francia 2021 Dayot Upamecano
79%
42 Borussia Dortmund Manchester United Armenia 2016 Henrikh Mkhitaryan
79%
63 Eintracht Francoforte Real Madrid Serbia 2019 Luka Jović
79%
40 Bayern Monaco Juventus Brasile 2018 Douglas Costa
74%
45 Borussia Mönchengladbach Arsenal Svizzera 2016 Granit Xhaka
74%
43 Schalke 04 Wolfsburg Germania 2015 Julian Draxler
63%
60 Red Bull Lipsia Liverpool Guinea 2018 Naby Keita
58%
41 Hoffenheim Liverpool Brasile 2015 Roberto Firmino
58%
40 Red Bull Lipsia Liverpool Francia 2021 Ibrahima Konaté
53%
50 Eintracht Francoforte West Ham Utd Francia/Costa d'Avorio 2019 Sébastien Haller
53%
44 Newcastle Utd Newcastle Utd Brasile 2019 Joelinton
26%
Nessun quiz corrispondente trovato
Distribuzione punteggi
Percentuale di utenti per punteggio
Percentile per numero di risposta
I tuoi punteggi nel tempo
Non hai fatto questo quiz